Szczegóły MARC21

O zabiciu młodzianków /

003 -Nazwa inst., której nr kontr. jest w polu 001 [,]
    • @
    • Nazwa instytucji, której n kontrolny jest w polu 001
    • NUKAT
005 -DATA I CZAS OSTATNIEJ MODYFIKACJI [,]
    • @
    • pole kontrolne
    • 20250315034721.0
020 -Międzynarod. znormalizowany nr książki - ISBN [ , ]
    • a
    • Numer ISBN
    • 9788361757252 Find
040 -Instytucja sporządzająca opis [ , ]
    • a
    • Instytucja, która sporządziła opis (NP)
    • Ł U/mn
    • c
    • Instytucja, która sporządziła rekord (NP)
    • Ł U/mn
    • d
    • Instytucja, która zmodyfikowała rekord (P)
    • Ł U/AG
    • d
    • Instytucja, która zmodyfikowała rekord (P)
    • WR U/ass
    • d
    • Instytucja, która zmodyfikowała rekord (P)
    • WR U/hb
    • d
    • Instytucja, która zmodyfikowała rekord (P)
    • Ł U/RRs
041 -Język dokumentu [1, ]
    • a
    • Język tekstu (P)
    • polski
    • h
    • Język tekstu oryginalnego i/lub pośredniego (P)
    • włoski
942 -Rodzaj dokumentu [ , ]
    • c
    • Rodzaj dokumentu
    • Książka
100 -Hasło główne - nazwa osobowa [1, ]
    • a
    • Nazwa osobowa (NP)
    • Marino, Giambattista
    • d
    • Daty biograficzne (NP)
    • (1569-1625).
    • 9
    • KHW
    • 77874
240 -Tytuł ujednolicony [1,0]
    • a
    • Tytuł ujednolicony
    • Strage degli innocenti
    • l
    • Język tekstu
    • (pol.)
    • 9
    • KHW
    • 77877
245 -Strefa tytułu i oznaczenia odpowiedzialności [1,0]
    • a
    • Tytuł
    • O zabiciu młodzianków / Find
    • c
    • Pozostałe elementy strefy tytułu i oznaczenia odpowiedzialności (NP)
    • Giambattista Marino ; [tł.] Anonim ; wyd. Radosław Rusnak.
260 -Strefa adresu wydawniczego [ , ]
    • a
    • Miejsce wydania (P)
    • Warszawa :
    • b
    • Nazwa wydawcy (P)
    • Instytut Badań Literackich PAN :
    • b
    • Nazwa wydawcy (P)
    • Stowarzyszenie Pro Cultura Litteraria
    • c
    • Data wydania (P)
    • 2012.
300 -Strefa opisu fizycznego [ , ]
    • a
    • Określenie formy książki i/lub objętość (NP)
    • 412 s. :
    • b
    • Oznaczenie ilustracji (NP)
    • il. ;
    • c
    • Format (NP)
    • 21 cm.
336 -Typ zawartości [ , ]
    • a
    • Termin opisujący typ zawartości
    • Tekst
    • b
    • Kod określający zawartość
    • txt
    • 2
    • Źródło (terminu i kodu)
    • rdacontent
337 -Typ mediów [ , ]
    • a
    • Tryb odtwarzania
    • Bez urządzenia pośredniczącego
    • b
    • Kod typu mediów
    • n
    • 2
    • Źródło (terminu i kodu)
    • rdamedia
338 -Typ/rodzaj nośnika [ , ]
    • a
    • Hasło opisujące typ nośnika
    • Wolumin
    • b
    • Kod typu nośnika
    • nc
    • 2
    • Źródło (terminu i kodu)
    • rdacarrier
490 -Strefa serii i książki wielotomowej - forma nie do wyszukiwania [1, ]
    • a
    • Tytuł (P)
    • Biblioteka Pisarzy Staropolskich ; Find
    • v
    • Numeracja (P)
    • t. 41
830 -Hasło dodatkowe serii i opisu książki wielotomowej - tytuł ujednolicony/tytuł [ ,0]
    • a
    • Tytuł ujednolicony/tytuł (NP)
    • Biblioteka Pisarzy Staropolskich
    • x
    • ISSN
    • 1427-3306
    • v
    • Oznaczenie tomu (NP)
    • t. 41
    • 9
    • KHW
    • 77779
500 -Uwaga ogólna [ , ]
    • a
    • Uwaga ogólna (NP)
    • Zawiera słowniki objaśniające.
500 -Uwaga ogólna [ , ]
    • a
    • Uwaga ogólna (NP)
    • Tyt. oryg.: La strage degli innocenti.
504 -Uwaga dot. bibliogr. załącznikowej [ , ]
    • a
    • Uwaga dot. bibliografii załącznikowej
    • Indeks.
546 -Uwaga dot. języka [ , ]
    • a
    • Uwaga dot. języka
    • Tł. z jęz. wł.
080 -Uniwersalna Klasyfikacja Dziesiętna [ , ]
    • 2
    • Identyfikator wydania tablic
    • UDC-P058
    • 9
    • UKD
    • 17569
    • a
    • Symbol klasyfikacji
    • 821.131.1-1
    • b
    • Dopowiedzenie
    • Literatura włoska. - Poezja. Dramat poetycki.
    • 4
    • UKD2
    • 8259
    • x
    • Poddział wspólny
    • "16"
    • c
    • Dopowiedzenie poddz. wspólnego
    • Wiek XVII.
600 -Hasło przedmiotowe w formie nazwy osobowej [1,7]
    • a
    • Nazwa osobowa
    • Marino, Giambattista
    • d
    • Daty związane z nazwą
    • (1569-1625).
    • t
    • Tytuł
    • Strage degli innocenti
    • 2
    • Źródło terminu
    • kaba
    • 9
    • KHW
    • 332411
655 -Hasło w funkcji tematu formalnego [ ,7]
    • a
    • Hasło
    • Poezja włoska
    • y
    • Określnik chronologiczny
    • 17 w.
    • v
    • Określnik formy
    • tłumaczenia polskie.
    • 2
    • Źródło terminu
    • kaba
    • 9
    • KHW
    • 387636
980 -Symbol UKD [ , ]
    • a
    • UKD
    • 821.131.1-1"16"
700 -Hasło dodatkowe - nazwa osobowa [1, ]
    • a
    • Nazwa osobowa (NP)
    • Anonim Find
    • d
    • Daty biograficzne (NP)
    • ( -16..).
    • e
    • Określenie rodzaju współpracy
    • Tł.
    • 9
    • KHW
    • 77875
700 -Hasło dodatkowe - nazwa osobowa [1, ]
    • a
    • Nazwa osobowa (NP)
    • Rusnak, Radosław. Find
    • e
    • Określenie rodzaju współpracy
    • Wyd.
    • 9
    • KHW
    • 15038
710 -Hasło dodatkowe - nazwa ciała zbiorowego [2, ]
    • a
    • Nazwa ciała zbiorowego lub nazwa geograficzna jako pierwszy element (NP)
    • Polska Akademia Nauk.
    • b
    • Nazwa jednostki podrzędnej (P)
    • Instytut Badań Literackich.
    • 4
    • Kod relacji
    • pbl
    • 9
    • KHW
    • 16401
710 -Hasło dodatkowe - nazwa ciała zbiorowego [2, ]
    • a
    • Nazwa ciała zbiorowego lub nazwa geograficzna jako pierwszy element (NP)
    • Stowarzyszenie "Pro Cultura Litteraria".
    • 4
    • Kod relacji
    • pbl
    • 9
    • KHW
    • 63891
920 -ISBN [ , ]
    • a
    • ISBN
    • 978-83-61757-25-2 Find
Numer inwentarzowy Status udost. Sygnatura Lokalizacja Data inwentaryzacji
P.247811POL. Bibl. Pisarzy Staropol. T.41BM2014-11-26